Mystery Taylor Swift Song #86 - Statistics

General Stats
  • This quiz has been taken 298 times
  • The average score is 98 of 128
Answer Stats
Song % Correct
a
97%
I
97%
you
97%
You
97%
we
96%
it
95%
love
95%
the
95%
and
94%
And
94%
me
94%
1989
93%
be
93%
do
93%
to
92%
So
91%
in
90%
it's
90%
Where
90%
don't
89%
was
89%
what
89%
your
89%
bad
88%
can
88%
my
88%
Now
88%
now
88%
that
88%
(think
88%
think
88%
this?
88%
this
88%
'Cause
87%
know
87%
on
87%
if
86%
blood
85%
Did
85%
got
85%
have
85%
you're
85%
All
84%
all
84%
Baby
84%
baby
84%
'em)
84%
'em
84%
I'm
84%
but
83%
like
83%
(look
83%
look
83%
mad
83%
Oh
83%
take
83%
you've
83%
done)
81%
done
81%
(hey!)
81%
of
81%
problems
81%
time
81%
could
80%
good
80%
made
80%
really
80%
solve
80%
for
79%
say
79%
about
78%
they
78%
used
78%
cut
76%
deep
76%
just
75%
sad
75%
times
75%
at
74%
Bad Blood
74%
with
74%
thinking
72%
trusted
70%
from
69%
Hm
69%
couldn't
67%
back
66%
up
66%
won't
66%
fine?
65%
heal
65%
hit
65%
live
65%
runs
65%
These
65%
past
64%
bullet
63%
fix
63%
holes
63%
ruin
63%
show
63%
sorry
63%
we'd
63%
will
63%
knife
62%
scars
62%
Band
61%
breathe
61%
Still
61%
through?
61%
aids
60%
cold
60%
ghosts
60%
last
60%
rusted
60%
right
59%
weak?
58%
things
56%
way
56%
wound
54%
coming
52%
catch
51%
kind
51%
laughing
51%
Salt
47%
shining?
47%
wounds
47%
rub
40%
No matching quizzes found
Score Distribution
Percent of People with Each Score
Percentile by Number Answered
Your Score History
You have not taken this quiz